Регионална библиотека "Любен Каравелов" - Русе

Махабхарата. Рамаяна (Запис номер 186168)

MARC детайли
000 -Лидер
Контролно поле с фиксирана дължина 01858nam a2200337 a 4500
003 - Код на организацията, давaща контролен номер
Контролно поле BLK
005 - Дата и час на последна редакция
Контролно поле 20250611133120.0
008 - Елементи от данни с фиксирана дължина
fixed length control field 180411b bul|||||r ||||||| ||bul||
010 ## - Наследен системен номер
LC control number KNG00195162000
040 ## - Източник на каталожния запис
Идентификатор на билиотеката - собственик на записа BLK
041 ## - Код за език
Код за езика на текст/звукозапис или на отделно заглавие Български
Код за езика КДБФ Български
080 ## - УДК
Текстов определител УДК Индийска литература на английски език
УДК код - определител по УДК 821.111(540)
УДК определител -1
УДК - код + определител 821.111(540)-1
139 ## - Редно поле
Редна дума Махабхарата. Рамаяна
Авторски знак Мах - М 41
245 10 - Сведения за заглавието
Заглавие Махабхарата. Рамаяна
Подзаглавни данни Инд. нац. епопеи
Редно поле (дума) подб., ред. и предг. Сати Кумар; прев. от санскрит Сати Кумар; прев. от хинди Сати Кумар; прев. в стихове Марко Ганчев; с предг. от Марко Ганчев.
257 ## - Страна на издаване
Страна на създаване/издаване Индия
260 ## - Област на издателските данни
Място на издаване, разпространение и проч. София
Име на издателя, разпространителя и проч. Нар. култура
Година на издаване 1972
300 ## - Физическа характеристика
Страници 484 с.
Размери/Мащаб 21 см
380 ## - Жанр
Жанр Худож. лит.
490 ## - СЕРИИ (Колекции)
Име на серия Библиотека Световна класика
9 (RLIN) 201621
500 ## - Общи забележки
Забележка Ориг. загл. на инд. ез.
700 1# - Други автори (авторска отговорност)
Лично име Кумар, Сати
Автороска отговорност (Описва отношението между автора и произведението) подб., ред. и предг.
9 (RLIN) 384363
700 1# - Други автори (авторска отговорност)
Лично име Кумар, Сати
Автороска отговорност (Описва отношението между автора и произведението) прев. от санскрит
9 (RLIN) 384363
700 1# - Други автори (авторска отговорност)
Лично име Кумар, Сати
Автороска отговорност (Описва отношението между автора и произведението) прев. от хинди
9 (RLIN) 384363
700 ## - Други автори (авторска отговорност)
Лично име Ганчев, Марко
Друга информация Писател и поет, сатирик, преводач от немски и белоруски
Дати, свързани с автора 1932-
Пълна форма на името Маринов, Марко Ганчев
Автороска отговорност (Описва отношението между автора и произведението) прев. в стихове
9 (RLIN) 267403
700 ## - Други автори (авторска отговорност)
Лично име Ганчев, Марко
Друга информация Писател и поет, сатирик, преводач от немски и белоруски
Дати, свързани с автора 1932-
Пълна форма на името Маринов, Марко Ганчев
Автороска отговорност (Описва отношението между автора и произведението) с предг. от
9 (RLIN) 267403
852 ## - Местоположение
Форматна сигнатура Цб 66069
Фондова буква Хранилище
856 4# - Електронен адрес и достъп
Електронен формат pdf - файл
999 ## - СИСТЕМНИ КОНТРОЛНИ НОМЕРА
Koha biblionumber 186168
Koha biblioitemnumber 186168
942 ## - АРТИКУЛИ
Вид на библиотечния материал Книги
Скрит в OPAC Не
Koha issues (borrowed), all copies 8
Периодичен библиозапис Да
944 ## - СЪЗДАВАНЕ И РЕДАКЦИЯ на ЗАПИСА
Създаване/Редакция Създаване
Дата на регистрацията/редакция 03.11.2016
Служител, извършил регистрацията/редакцията 30576
Статус, дата на статуса Цветомила Тодорова
944 ## - СЪЗДАВАНЕ И РЕДАКЦИЯ на ЗАПИСА
Създаване/Редакция Редакция
Дата на регистрацията/редакция 2022-07-19
Служител, извършил регистрацията/редакцията ГГГ
Наличности
Код за отписване Код за изгубен артикул Източник на класификационната схема Код за повреда Коз за рестрикции Код за отдаване Артикулен № Име на библиотеката - собственик Име на библиотеката, в която се намира в момента Статус (Текущо местоположение) Дата на вписване в системата Местоположение - отдел Цена в лева Инвентарен номер Систематично азбучна сигнатура Баркод Номер на екземпляра Цена в евро Служебна бележка Служебен тип на артикула Бележка за публиката
  Не е изгубен Universal Decimal Classification Не е повреден само за читалня ползва се в читалня 323713 Регионална библиотека "Любен Каравелов" Русе Регионална библиотека "Любен Каравелов" Русе Хранилище 1972-01-01 Хранилище 2.43 130517 Цб 66069 120000130517 1 1.24 Дост: Dp Вид: Д N: стар фонд Дата: 01.01.1972 Книги  
Изтеглен Не е изгубен Universal Decimal Classification Не е повреден без рестрикции заемане за дома 323714 Регионална библиотека "Любен Каравелов" Русе Регионална библиотека "Любен Каравелов" Русе Заемна - подръчен фонд 1972-01-01 Заемна - подръчен фонд 2.43 130641 П 89-1/М 41 130641 2 1.24 Дост: Pk Вид: Ф N: стар фонд Дата: 01.01.1972 Книги  
  Не е изгубен Universal Decimal Classification Не е повреден без рестрикции заемане за дома 323715 Регионална библиотека "Любен Каравелов" Русе Регионална библиотека "Любен Каравелов" Русе Дубликат 1972-01-01 Заемна - подръчен фонд 2.43 130644 П 89-1/М 41 120000130644 3 1.24 Дост: Pk Вид: Ф N: стар фонд Дата: 01.01.1972 Дата инв: 08.02.2018 Бележки инв: П2018 Книги  
Изтеглен Не е изгубен Universal Decimal Classification Не е повреден без рестрикции заемане за дома 323716 Регионална библиотека "Любен Каравелов" Русе Регионална библиотека "Любен Каравелов" Русе Заемна - подръчен фонд 1972-01-01 Заемна - подръчен фонд 2.43 130645 П 89-1/М 41 130645 4 1.24 Дост: Pk Вид: Ф N: стар фонд Дата: 01.01.1972 Дата инв: 08.02.2018 Бележки инв: П2018 Книги  
  Не е изгубен Universal Decimal Classification Не е повреден без рестрикции заемане за дома 323717 Регионална библиотека "Любен Каравелов" Русе Регионална библиотека "Любен Каравелов" Русе Заемна - подръчен фонд 1972-01-01 Заемна - подръчен фонд 2.43 130646 П 89-1/М 41 120000130646 5 1.24 Дост: Pk Вид: Ф N: стар фонд Дата: 01.01.1972 Дата инв: 08.02.2018 Бележки инв: П2018 Книги  
Изтеглен Не е изгубен   Не е повреден без рестрикции заемане за дома 323718 Регионална библиотека "Любен Каравелов" Русе Регионална библиотека "Любен Каравелов" Русе   1972-01-01 Заемна - подръчен фонд 2.43 130648 П 89-1/М 41 130648 6 1.24 Дост: Pk Вид: Ф N: стар фонд Дата: 01.01.1972 Книги Отч.N: 11/2018 , Дата: 02.02.2018
Изтеглен Не е изгубен Universal Decimal Classification Не е повреден без рестрикции заемане за дома 323719 Регионална библиотека "Любен Каравелов" Русе Регионална библиотека "Любен Каравелов" Русе Заемна - подръчен фонд 1972-01-01 Заемна - подръчен фонд 2.43 130651 П 89-1/М 41 130651 7 1.24 Дост: Pk Вид: Ф N: стар фонд Дата: 01.01.1972 Книги  
Vip Innovations Ltd, Rousse, Bulgaria 2025